000 00740nam a22002417a 4500
001 000394
003 DO-SdBNP
005 20180119134032.0
007 000394
008 160718b 1997 nyu a ||||| |||| 00| 0 spa d
020 _a059030092X
040 _aBPMSU
_bspa
_cBPMSU
100 1 _aMoskin, Marietta
245 1 0 _aDay of the blizzard /
_cMarietta Moskin ; drawings by Stephen Gammell ; cover by Paul Bachem.
260 _aNew York :
_bScholastic,
_c1978.
_g1997
300 _a79 p. :
_bil. ;
_c20 cm.
500 _aPrimera edición, Scholastic, marzo de 1997.
700 1 2 _aGammell, Stephen
700 1 2 _aBachem, Paul
942 _2ddc
_cBK
945 _aInventariado, 2018/MFF
956 _2LOPEREZ
_310
_620160718
_8BPMSU
_a00041
999 _c10913
_d10913